Normal view
MARC view
Entry Personal Name
001 - CONTROL NUMBER
- control field: 14676
003 - CONTROL NUMBER IDENTIFIER
- control field: BD-RjUL
005 - DATE AND TIME OF LATEST TRANSACTION
- control field: 20241212115222.0
008 - FIXED-LENGTH DATA ELEMENTS
- fixed length control field: 241212|| aca||aabn | a|a d
040 ## - CATALOGING SOURCE
- Original cataloging agency: BD-RjUL
- Transcribing agency: BD-RjUL
100 ## - HEADING--PERSONAL NAME
- Personal name: Tolstoy, Leo,
- Titles and other words associated with a name: graf,
- Dates associated with a name: 1828-1910
670 ## - SOURCE DATA FOUND
- Source citation: Work cat.: (BD-RjUL)84531: یاسین ٫محمد ;; Yasin, Muhammad 11442, تالستاے ;; Tolstoy /, 1976.